000 00357nam a22001217a 4500
999 _c518783
_d518783
008 211102b ||||| |||| 00| 0 eng d
100 _aKrishnan, P.S.
_928694
245 _aMy mentor’s mentor
260 _aThe Administrator: Journal of LBSNAA
300 _a62(2), Mar, 2021: p.11-20
773 _aThe Administrator: Journal of LBSNAA
942 _cAR